000 00477nam a2200169Ia 4500
008 210210b2013 xxu||||| |||| 00| 0 eng d
020 _a9789381226728
041 _aeng
082 _a664.805655 MANH
100 _aMANGARAJ (S)
245 _aHand book of nutraceuticals and functional foods: soybean as an example
260 _aDelhi
_bSatish Serial Publishing House
_c2013
300 _axv,321
690 _aFood Technology
700 _aTRIPATHI (M K)
906 _a070621
999 _c120052
_d120052